000
00275nam a2200121Ia 4500
008
190216s9999||||xx |||||||||||||| ||und||
100
_a
Jain Sp And Narag K L
245
0
_a
Cost Accounting
260
_b
Kalyani Pub
_c
1977
300
_a
656p
650
_a
Commerce
942
_c
BK
999
_c
5120
_d
5120